Statistics for Countries with the Highest Point Elevation Over 10,000 Feet

Click here to take the quiz!

General Stats

  • This quiz has been taken 33 times
  • The average score is 48 of 59

Answer Stats

RankCountryMaximum Elevation (Meters)% Correct
1 (Tied)Nepal8,848
100%
6Afghanistan7,492
97%
4Bhutan7,570
97%
12Bolivia6,542
97%
15Canada5,959
97%
10Chile6,893
97%
1 (Tied)China8,848
97%
2Pakistan8,611
97%
11Peru6,768
97%
9Argentina6,962
93%
28 (Tied)France4,810
93%
3India8,586
93%
21Iran5,610
93%
19Russia5,642
93%
16Tanzania5,892
93%
18Colombia5,700
90%
47Iraq3,611
90%
8Kazakhstan7,010
90%
23Kenya5,199
90%
20Mexico5,636
90%
24Turkey5,137
90%
29Uzbekistan4,643
90%
39Armenia4,090
87%
13Ecuador6,267
87%
22Georgia5,201
87%
27Indonesia4,884
87%
28 (Tied)Italy4,810
87%
30Switzerland4,634
87%
5Tajikistan7,495
87%
25 (Tied)Uganda5,109
87%
26Venezuela4,978
87%
42Austria3,798
83%
31Ethiopia4,550
83%
43Japan3,776
83%
37Morocco4,165
83%
33Rwanda4,507
83%
45Spain3,715
83%
53Vietnam3,143
83%
34Azerbaijan4,485
80%
7Kyrgyzstan7,439
80%
50South Africa3,450
80%
54Turkmenistan3,139
80%
36Guatemala4,220
77%
17Myanmar5,881
77%
44New Zealand3,724
77%
35Mongolia4,374
73%
38Malaysia4,095
70%
51Chad3,445
67%
41Costa Rica3,820
67%
46Yemen3,666
67%
49Panama3,475
63%
14United States6,190
63%
32Papua New Guinea4,509
57%
52South Sudan3,187
53%
40Cameroon4,040
50%
48Lesotho3,482
50%
56Lebanon3,088
43%
55Dominican Republic3,098
40%
25 (Tied)Democratic Republic of the Congo5,109
30%

Score Distribution

Percentile by Number Answered

Percent of People with Each Score

Your Score History

You have not taken this quiz